[Event "AUTO-ADV-4900"]
[Site "http://www.queenalice.com/game.php?id=1864745"]
[Date "2025.10.25"]
[Round "1"]
[White "Anusha"]
[Black "dimitridruloza2012"]
[Result "0-1"]
[WhiteElo "1902"]
[BlackElo "1768"]

1. c4 b6 2. Nf3 Bb7 3. e3 g6 4. Nc3 Bg7 5. g3 Nf6 6. Bg2 Na6 7. O-O d6 8. a3 Qd7
9. Ne5 Qc8 10. Nf3 Nc5 11. d4 Nce4 12. Nxe4 Bxe4 13. b4 Qd7 14. Qb3 Ng4 15. c5
O-O 16. Bb2 h5 17. Nh4 Bxg2 18. Kxg2 Qc6+ 19. Kg1 Rae8 20. Nxg6 h4 21. Nxh4 Kh7
22. d5 Qd7 23. Bxg7 Kxg7 24. Qc3+ f6 25. Qc2 Ne5 26. c6 Qh3 27. f4 Ng4 28. Qd3
Qxh2# 0-1

[Event "AUTO-ADV-4900"]
[Site "http://www.queenalice.com/game.php?id=1864746"]
[Date "2025.10.25"]
[Round "1"]
[White "dimitridruloza2012"]
[Black "Anusha"]
[Result "0-1"]
[WhiteElo "1789"]
[BlackElo "1931"]

1. g3 Nf6 2. Bg2 c6 3. b3 d5 4. Bb2 Bf5 5. Nf3 h6 6. Nc3 e6 7. Ne5 Bd6 8. Na4
Qc7 9. Nf3 Nbd7 10. Nd4 Bg6 11. d3 O-O 12. Qd2 Rfe8 13. h4 e5 14. Nf3 e4 15. Nd4
e3 16. fxe3 Bxg3+ 17. Kd1 Ng4 18. Qc3 Be5 19. Qe1 Nxe3+ 20. Kc1 Nxg2 21. Qg1 Nf4
22. h5 Bxd4 23. Qxd4 Nxe2+ 24. Kd2 Nxd4 25. Bxd4 Bf5 26. Raf1 Bg4 27. Rhg1 Qh2+
28. Kc1 Qxh5 29. Kb2 g6 30. Rf4 Bf5 31. Nc3 Kf8 32. Nd1 Qh2 33. Rf3 Re2 34. Rxf5
gxf5 35. Bg7+ Ke8 36. Bd4 Rxc2+ 37. Ka3 Rxa2+ 38. Kb4 Qd2+ 39. Bc3 a5# 0-1

[Event "AUTO-ADV-4905"]
[Site "http://www.queenalice.com/game.php?id=1865978"]
[Date "2025.11.22"]
[Round "1"]
[White "dimitridruloza2012"]
[Black "jogo"]
[Result "0-1"]
[WhiteElo "1784"]
[BlackElo "1775"]

1. g3 Nf6 2. Bg2 d5 3. b3 e5 4. Bb2 Bd6 5. Nc3 c6 6. Nf3 O-O 7. e3 d4 8. Ne2 c5
9. Neg1 Nc6 10. h4 e4 11. Ng5 Bg4 12. f3 Bxg3+ 13. Kf1 exf3 14. Bxf3 Bxf3 15.
Qxf3 Bc7 16. Ke2 dxe3 17. d3 Nd4+ 18. Bxd4 Qxd4 19. N1h3 Rfe8 20. Qxb7 Qc3 21.
Ne4 Nxe4 22. Qxc7 Qxc2+ 23. Kf3 Qxd3 24. Nf4 Nd2+ 25. Kg4 Qe4 26. Rh3 f5+ 27.
Kg5 h6+ 28. Kg6 Re7 29. Qxc5 Re6+ 30. Kh5 g6+ 31. Nxg6 Qg4+ 32. Kxh6 Qxg6# 0-1

[Event "AUTO-ADV-4905"]
[Site "http://www.queenalice.com/game.php?id=1865991"]
[Date "2025.11.22"]
[Round "1"]
[White "Pin"]
[Black "dimitridruloza2012"]
[Result "1-0"]
[WhiteElo "2002"]
[BlackElo "1778"]

1. e4 b6 2. Nc3 Bb7 3. d4 g6 4. Nf3 Bg7 5. Be2 Nf6 6. e5 Nd5 7. O-O e6 8. Nxd5
Bxd5 9. c4 Bb7 10. Bg5 f6 11. Bf4 Nc6 12. d5 Na5 13. b4 fxe5 14. Bxe5 Bxe5 15.
Nxe5 Qg5 16. f4 Qf6 17. bxa5 d6 18. Ng4 Qe7 19. axb6 cxb6 20. Bf3 O-O-O 21. Rc1
Kb8 22. Re1 h5 23. Rxe6 Qf7 24. Nf6 Qc7 25. Qc2 Rh6 26. Rce1 h4 27. Re7 Qc8 28.
Rg7 h3 29. g3 Rf8 30. Nd7+ Ka8 31. Nxf8 Qxf8 32. Ree7 Bc8 33. Rxa7+ 1-0

[Event "AUTO-ADV-4905"]
[Site "http://www.queenalice.com/game.php?id=1865992"]
[Date "2025.11.22"]
[Round "1"]
[White "dimitridruloza2012"]
[Black "Pin"]
[Result "0-1"]
[WhiteElo "1786"]
[BlackElo "1986"]

1. g3 Nf6 2. Bg2 g6 3. b3 Bg7 4. Bb2 O-O 5. Nc3 d5 6. Nf3 d4 7. Na4 Nc6 8. Nh4
e5 9. Bxc6 bxc6 10. e3 Bh3 11. Qe2 dxe3 12. Qxe3 Ng4 13. Qe4 f5 14. Qxc6 Qe7 15.
O-O-O Nxf2 16. Nc3 Nxh1 17. Rxh1 e4 18. Nd5 Bxb2+ 19. Kxb2 Qe5+ 20. c3 Rad8 21.
Nb4 Rxd2+ 22. Nc2 Rf6 23. Qa8+ Kg7 24. Qxa7 Rc6 25. Qe3 Rd3 26. Qg5 Qxc3+ 27.
Kb1 Qxc2+ 28. Ka1 Rd1+ 29. Rxd1 Qxd1+ 30. Kb2 Qc2+ 31. Ka3 Qc1+ 32. Ka4 Qxg5 0-1

[Event "AUTO-ADV-4905"]
[Site "http://www.queenalice.com/game.php?id=1866001"]
[Date "2025.11.22"]
[Round "1"]
[White "dimitridruloza2012"]
[Black "Castling"]
[Result "1-0"]
[WhiteElo "1771"]
[BlackElo "1694"]

1. g3 e5 2. Bg2 Nc6 3. b3 Nf6 4. Bb2 d6 5. Nc3 Bd7 6. Nb5 a6 7. Na3 d5 8. Nf3
Bd6 9. e3 h6 10. Qe2 Qe7 11. Nh4 O-O-O 12. O-O Bxa3 13. Bc3 Nb4 14. d4 exd4 15.
Bxd4 Bb5 16. c4 dxc4 17. bxc4 Bc6 18. Nf5 Qf8 19. Bh3 Ne4 20. Bxg7 Nc3 21. Bxc3
Rg8 22. Rab1 a5 23. Rfd1 Nd5 24. cxd5 Bd7 25. Bxa5 Rg5 26. Qc4 Bd6 27. Nxd6+
Qxd6 28. Bxd7+ Kxd7 29. Rxb7 Rc8 30. Rdb1 Rxd5 31. Bb4 Qc6 32. Qg4+ Qe6 33. Qf4
f5 34. Ba3 Qe4 35. Qxh6 Ra8 36. Qg7+ Kd8 37. Qg8+ Qe8 38. Qxd5+ Qd7 39. Rb8+
Rxb8 40. Rxb8# 1-0

[Event "Coimbra"]
[Site "http://www.queenalice.com/game.php?id=1867207"]
[Date "2025.12.18"]
[Round "-"]
[White "dimitridruloza2012"]
[Black "Sph4444"]
[Result "0-1"]
[WhiteElo "1783"]
[BlackElo "1918"]

1. g3 e5 2. Bg2 d5 3. b3 c6 4. Bb2 Bd6 5. Nc3 Ne7 6. Nf3 e4 7. Nh4 O-O 8. e3 Nf5
9. Nxf5 Bxf5 10. Ne2 Qe7 11. Nd4 Bd7 12. Qh5 Be5 13. O-O-O g6 14. Qe2 c5 15. Nb5
Bxb2+ 16. Kxb2 Qe5+ 17. Kb1 a6 18. Nc3 d4 19. Nxe4 Bc6 20. f4 Qe7 21. Ng5 h6 22.
Nh3 Bxg2 23. Qxg2 Nc6 24. exd4 Nxd4 25. Rde1 Qd7 26. Re5 b6 27. d3 Rae8 28. Rd5
Qc6 29. Rg1 Re2 30. Qh1 Qe6 31. Rxd4 cxd4 32. Kb2 Rc8 33. Rc1 Qxh3 34. Qb7 Rxh2
35. Qxa6 Rc6 36. Qa8+ Rc8 37. Qd5 Qxg3 38. Qxd4 Qf2 39. Qe5 Rxc2+ 40. Rxc2 Qxc2+
41. Ka3 Qxa2+ 42. Kb4 Qd2+ 43. Kc4 Rh5 44. f5 Rxf5 45. Qb8+ Kg7 46. Qxb6 Qf4+
47. d4 h5 48. Qc6 h4 49. b4 Qc1+ 50. Kd3 Qxc6 51. Kd2 Rf3 52. Ke2 Ra3 53. Kd1
Qg2 54. Kc1 Ra1# 0-1

[Event "Faro"]
[Site "http://www.queenalice.com/game.php?id=1867208"]
[Date "2025.12.18"]
[Round "-"]
[White "Sph4444"]
[Black "dimitridruloza2012"]
[Result "0-1"]
[WhiteElo "1941"]
[BlackElo "1760"]

1. e4 b6 2. d4 Bb7 3. d5 g6 4. c4 Bg7 5. Nf3 Nf6 6. Bd3 Na6 7. O-O Nh5 8. Nc3
Nb4 9. h3 d6 10. Be2 Qd7 11. a3 Na6 12. g4 Nf6 13. b4 Nxe4 14. Nxe4 Bxa1 15. Be3
Bg7 16. Bd4 Bxd4 17. Qxd4 O-O-O 18. b5 Nc5 19. Neg5 e6 20. Qf6 Rdf8 21. Rd1 h6
22. Nxf7 Rxf7 23. Qxh8+ Qd8 24. Qxh6 Qg8 25. Qe3 e5 26. Nd2 Kb8 27. Rf1 Rf4 28.
f3 Qh7 29. Kg2 Qh4 30. Ne4 Nd7 31. Qf2 Qh6 32. h4 Bc8 33. Rh1 Nc5 34. g5 Qh8 35.
Bd3 Nxd3 36. Qg3 Rf7 37. Qh2 Qh5 38. Nf6 Nf4+ 39. Kg3 Qh8 40. Kf2 Nh3+ 41. Ke3
Qxh4 42. Qc2 Qxg5+ 43. Ke2 Rxf6 44. Rh2 Ng1+ 0-1

[Event "AUTO-ADV-4909"]
[Site "http://www.queenalice.com/game.php?id=1867265"]
[Date "2025.12.19"]
[Round "1"]
[White "mvson33"]
[Black "dimitridruloza2012"]
[Result "1-0"]
[WhiteElo "1880"]
[BlackElo "1760"]

1. e4 b6 2. Nf3 Bb7 3. Nc3 g6 4. Bc4 Bg7 5. d3 Nf6 6. O-O d6 7. Bg5 Nh5 8. Bh4
Nd7 9. Re1 Bf6 10. Bxf6 Ndxf6 11. d4 Qd7 12. Bd3 Nf4 13. e5 N6h5 14. exd6 Qxd6
15. Be4 Bxe4 16. Nxe4 Qe6 17. Qd2 Qg4 18. Ng3 Nxg3 19. fxg3 Nh3+ 20. gxh3 Qxf3
21. Rf1 Qe4 22. c3 O-O 23. Rae1 Qd5 24. a3 a5 25. Rxe7 c5 26. Rfe1 Kg7 27. Qf4
cxd4 28. Qxd4+ Qxd4+ 29. cxd4 Rfd8 30. Rd1 Rac8 31. Rd2 Rc1+ 32. Kg2 Rd5 33. Rb7
b5 34. Rf2 Rf5 35. Rxf5 gxf5 36. Rxb5 Kg6 37. Rxa5 Rc2+ 38. Kf3 Rxb2 39. h4 Rxh2
40. Ra8 Rh3 41. a4 f4 42. Kxf4 h5 43. a5 Rh2 44. a6 Rf2+ 45. Ke3 Ra2 46. a7 Kf6
47. Kf4 Ke7 48. Kg5 Ra5+ 49. Kf4 Ke6 50. Re8+ Kd7 51. a8=Q Rxa8 52. Rxa8 Ke6 53.
Ra5 f6 54. Rxh5 f5 55. Rxf5 Ke7 56. h5 Ke6 57. h6 Ke7 58. h7 Ke6 59. h8=Q Ke7
60. Qg7+ Ke6 61. Qg6+ Ke7 62. Rf7+ Ke8 63. Qg8# 1-0

[Event "AUTO-ADV-4909"]
[Site "http://www.queenalice.com/game.php?id=1867266"]
[Date "2025.12.19"]
[Round "1"]
[White "dimitridruloza2012"]
[Black "mvson33"]
[Result "0-1"]
[WhiteElo "1772"]
[BlackElo "1868"]

1. g3 d5 2. Bg2 Nf6 3. b3 e6 4. Bb2 Nbd7 5. e3 Be7 6. Nc3 O-O 7. Nf3 b6 8. Na4
Bb7 9. Qe2 c5 10. h4 Rc8 11. Ng5 Qc7 12. O-O-O Bc6 13. Nc3 d4 14. Bxc6 dxc3 15.
Bxc3 Qxc6 16. h5 h6 17. Nh3 Nd5 18. Bb2 N7f6 19. Nf4 Rfd8 20. Rh4 c4 21. d3 Nxf4
22. Rxf4 cxd3 23. Rxd3 Rxd3 24. Qxd3 Nd5 25. Rc4 Qd7 26. e4 Rxc4 27. bxc4 Nf6
28. Qc3 Nxh5 29. g4 Bf6 30. e5 Bg5+ 31. Kb1 Nf4 32. a3 Qd1+ 33. Ka2 Qxg4 34. Qd4
Qf5 35. c3 Ne2 36. Qd7 Qc2 37. Ka1 Nxc3 38. Bxc3 Qxc3+ 39. Kb1 Qb3+ 40. Ka1 Bc1
41. Qd4 Qxa3+ 42. Kb1 Qb2+ 43. Qxb2 Bxb2 44. Kxb2 h5 45. Kc2 h4 46. f4 h3 47.
Kd3 h2 48. Ke4 h1=Q+ 49. Ke3 a5 50. c5 bxc5 51. Kd3 Qb1+ 52. Kc4 a4 53. Kxc5 a3
54. Kd6 a2 55. f5 a1=Q 56. fxe6 Qd3+ 57. Ke7 Qa7+ 58. Ke8 Qb5+ 59. Kd8 Qbb8# 0-1

[Event "AUTO-ADV-4909"]
[Site "http://www.queenalice.com/game.php?id=1867289"]
[Date "2025.12.19"]
[Round "1"]
[White "dimitridruloza2012"]
[Black "carlitomontana93270"]
[Result "0-1"]
[WhiteElo "1779"]
[BlackElo "1924"]

1. g3 c6 2. Bg2 g6 3. c3 Bg7 4. b3 Nf6 5. Bb2 O-O 6. Nf3 e6 7. Qc2 d5 8. d3 c5
9. c4 Nc6 10. Nbd2 Rb8 11. Qc3 d4 12. Qc2 Nb4 13. Qc1 b6 14. Ne5 Qd6 15. Ndf3
Nc6 16. Nxc6 Qxc6 17. Nh4 Qd7 18. Qf4 Bb7 19. f3 Nh5 20. Qg5 Bf6 21. Qd2 Qe7 22.
f4 Bxg2 23. Nxg2 Ng7 24. O-O-O Qb7 25. Rhg1 Nf5 26. g4 Nh4 27. Nxh4 Bxh4 28. f5
Bf2 29. Qc2 Bxg1 30. Rxg1 exf5 31. g5 Rfe8 32. Kb1 Re6 33. Qd2 Rbe8 34. Re1 Qg2
35. h4 Rxe2 36. Rxe2 Rxe2 37. Qc1 Qf2 38. h5 Re1 39. hxg6 Rxc1+ 40. Bxc1 fxg6
41. a4 Qe2 42. a5 Qxd3+ 43. Kb2 Qc3+ 44. Kb1 d3 45. Bb2 Qxb3 46. Ka1 d2 47. axb6
d1=Q+ 48. Bc1 Qxc1# 0-1

[Event "AUTO-ADV-4909"]
[Site "http://www.queenalice.com/game.php?id=1867290"]
[Date "2025.12.19"]
[Round "1"]
[White "carlitomontana93270"]
[Black "dimitridruloza2012"]
[Result "1-0"]
[WhiteElo "1945"]
[BlackElo "1769"]

1. c4 g6 2. d4 Bg7 3. e3 b6 4. Nc3 Bb7 5. Bd2 Nf6 6. Nf3 Nc6 7. g3 Nb4 8. Bg2 e6
9. O-O Nh5 10. a3 Nc6 11. Qe2 Ne7 12. b4 Ng8 13. Rac1 Qe7 14. c5 Ngf6 15. Ne5
Bxg2 16. Kxg2 d6 17. cxd6 Qxd6 18. Nb5 Qd5+ 19. Kg1 O-O 20. Nxc7 Qb7 21. Nb5 Qa6
22. Rfe1 Rad8 23. Qd3 Ne8 24. Nf3 Nd6 25. a4 Qb7 26. Qe2 Ne4 27. Rc7 Qd5 28.
Nxa7 Ra8 29. Qb5 Qd6 30. Qd7 Qxd7 31. Rxd7 Nhf6 32. Rc7 Nd5 33. Rb7 Nxd2 34.
Nxd2 Nxb4 35. Rxb6 Nd5 36. Rb7 Rfb8 37. Rxb8+ Rxb8 38. Nb5 Ra8 39. Ra1 Bf8 40.
a5 Bb4 41. Ne4 Rxa5 42. Rxa5 Bxa5 43. Kg2 h5 44. Nbd6 Kg7 45. Ng5 f6 46. Nf3 Kh6
47. Nc4 Bc7 48. e4 Nc3 49. Nfd2 Ne2 50. d5 e5 51. Kf3 Nd4+ 52. Ke3 Kg5 53. Nf3+
Nxf3 54. Kxf3 Bd8 55. Nd6 Ba5 56. Nf7# 1-0

[Event "AUTO-OPEN-4635"]
[Site "http://www.queenalice.com/game.php?id=1868281"]
[Date "2026.1.21"]
[Round "1"]
[White "dimitridruloza2012"]
[Black "MarcosT"]
[Result "0-1"]
[WhiteElo "1749"]
[BlackElo "2011"]

1. g3 e5 2. Bg2 d6 3. b3 Be6 4. Bb2 c5 5. Bxb7 Nd7 6. Bc6 Rb8 7. Bxd7+ Qxd7 8.
Nf3 Bh3 9. Nc3 h6 10. e3 Nf6 11. Qe2 e4 12. Nh4 Bg4 13. f3 exf3 14. Nxf3 Qc6 15.
Rf1 Be7 16. h3 Bxh3 17. Rh1 Bg4 18. Rf1 Nh5 19. Qc4 Bxf3 20. Ne2 Bxe2 21. Qxf7+
Kd7 22. Kxe2 Nxg3+ 23. Kf2 Nxf1 24. Kxf1 Rhf8 25. Qxf8 Rxf8+ 26. Ke2 Qf3+ 27.
Kd3 Qd5+ 28. Ke2 Bh4 29. Bxg7 Rf2+ 30. Ke1 Qxd2# 0-1